[Event "San Pedro del Pinatar op 6th"]
[Site "San Pedro del Pinatar"]
[Date "2015.02.01"]
[Round "6"]
[White "Galiano Martinez, Antonio"]
[Black "Borja Perez, Jose"]
[Result "1/2-1/2"]
[WhiteElo "2015"]
[BlackElo "1923"]
[PlyCount "121"]
[EventDate "2015.01.30"]
[EventType "swiss"]
[EventRounds "7"]
[EventCountry "ESP"]
[SourceTitle "CBM 164 Extra"]
[Source "ChessBase"]
[SourceDate "2015.03.02"]
[SourceVersion "1"]
[SourceVersionDate "2015.03.02"]
[SourceQuality "1"]

1. d4 Nf6 2. c4 d6 3. Nc3 Nbd7 4. Nf3 e5 5. Bg5 Be7 6. Qc2 c6 7. 0-0-0 Qc7 8. e3 0-0 9. g4 Re8 10. Bxf6 Bxf6 11. g5 Be7 12. Bd3 Nf8 13. h4 Bg4 14. Be2 a6 15. h5 Bxf3 16. Bxf3 Bxg5 17. Rdg1 Bh6 18. dxe5 Rxe5 19. Ne4 Qe7 20. Ng3 Qf6 21. Be4 Rae8 22. Bd3 d5 23. Nf5 Kh8 24. Nxh6 Qxh6 25. Kb1 Rxh5 26. Qd1 Rxh1 27. Rxh1 Qf6 28. cxd5 cxd5 29. Qh5 g6 30. Qxd5 Rd8 31. Qc4 Kg7 32. f4 Ne6 33. f5 b5 34. Qc2 Nf8 35. fxg6 fxg6 36. Rf1 Qe5 37. Qf2 Qe7 38. Bc2 Ne6 39. Qh2 Qd6 40. Qh4 Nf8 41. Rd1 Qxd1+ 42. Bxd1 Rxd1+ 43. Kc2 Rf1 44. Qd4+ Rf6 45. e4 Kf7 46. e5 Re6 47. Kd3 g5 48. Ke4 h6 49. Kf5 Ng6 50. Qd7+ Ne7+ 51. Ke4 Rc6 52. b3 Re6 53. Qd1 Ng6 54. Qd7+ Ne7 55. Kd4 Rc6 56. Qg4 Re6 57. Qh5+ Kg7 58. Qf3 Ng6 59. Qb7+ Kg8 60. Qc8+ Kf7 61. Qd7+ 1/2-1/2

[Event "Benidorm op U2000 11th"]
[Site "Benidorm"]
[Date "2012.12.05"]
[Round "6"]
[White "Borja Perez, Jose"]
[Black "Borja Rosagro, Jaime"]
[Result "1/2-1/2"]
[WhiteElo "1944"]
[BlackElo "1764"]
[PlyCount "21"]
[EventDate "2012.11.30"]
[EventType "swiss"]
[EventRounds "10"]
[EventCountry "ESP"]
[SourceTitle "EXT 2014"]
[Source "ChessBase"]
[SourceDate "2013.11.20"]
[SourceVersion "1"]
[SourceVersionDate "2013.11.20"]
[SourceQuality "1"]

1. e4 c5 2. Nf3 d6 3. d4 cxd4 4. Nxd4 Nf6 5. Nc3 g6 6. Be3 Bg7 7. f3 0-0 8. Qd2 Nc6 9. 0-0-0 d5 10. Kb1 Nxd4 11. Bxd4 1/2-1/2

[Event "Benidorm op U2000 11th"]
[Site "Benidorm"]
[Date "2012.12.02"]
[Round "3"]
[White "Young, Melvyn Jack"]
[Black "Borja Perez, Jose"]
[Result "1/2-1/2"]
[WhiteElo "1863"]
[BlackElo "1944"]
[PlyCount "66"]
[EventDate "2012.11.30"]
[EventType "swiss"]
[EventRounds "10"]
[EventCountry "ESP"]
[SourceTitle "EXT 2014"]
[Source "ChessBase"]
[SourceDate "2013.11.20"]
[SourceVersion "1"]
[SourceVersionDate "2013.11.20"]
[SourceQuality "1"]

1. e4 e5 2. f4 d6 3. Nf3 Nd7 4. Bc4 Be7 5. 0-0 c6 6. fxe5 dxe5 7. d4 Ngf6 8. dxe5 Qb6+ 9. Kh1 Nxe4 10. Qe2 f5 11. exf6 Ndxf6 12. Ne5 Bd7 13. Bf7+ Kd8 14. Nxd7 Kxd7 15. Nc3 Nxc3 16. Qe6+ Kd8 17. bxc3 Qc5 18. Rd1+ Nd5 19. c4 Qxc4 20. Bg5 Qc5 21. Bxe7+ Qxe7 22. c4 Rf8 23. cxd5 Rxf7 24. dxc6+ Ke8 25. cxb7 Rb8 26. Qc6+ Kf8 27. Rab1 g6 28. Qc8+ Qe8 29. Qc5+ Qe7 30. Qxa7 Rxb7 31. Rxb7 Qxb7 32. Rd8+ Kg7 33. Qd4+ Kh6 1/2-1/2

[Event "Almansa op-B 6th"]
[Site "Almansa"]
[Date "2011.08.11"]
[Round "5.7"]
[White "Castro Fernandez, Francisco Javier"]
[Black "Borja Perez, Jose"]
[Result "0-1"]
[WhiteElo "1791"]
[BlackElo "1965"]
[PlyCount "92"]
[EventDate "2011.08.09"]
[EventType "swiss"]
[EventRounds "9"]
[EventCountry "ESP"]
[SourceTitle "EXT 2024"]
[Source "ChessBase"]
[SourceDate "2023.10.10"]
[SourceVersion "1"]
[SourceVersionDate "2023.10.10"]
[SourceQuality "1"]

1. d4 Nf6 2. Nf3 d6 3. Nbd2 Nbd7 4. e4 e5 5. c3 Be7 6. Bd3 0-0 7. 0-0 h6 8. Re1 Re8 9. Nf1 c6 10. Ng3 Qc7 11. Nf5 Nf8 12. N3h4 Ng6 13. Nxg6 fxg6 14. dxe5 dxe5 15. Qb3+ Kh8 16. Nh4 g5 17. Ng6+ Kh7 18. Nxe7 Qxe7 19. Be3 Ng4 20. h3 Nxe3 21. Rxe3 g4 22. hxg4 Bxg4 23. Rg3 Be6 24. Bc4 Bxc4 25. Qxc4 Rad8 26. Qe2 Rd6 27. Rd1 Red8 28. Rgd3 Rxd3 29. Rxd3 Rxd3 30. Qxd3 Qh4 31. Qe3 b6 32. Qf3 Qf6 33. Qf5+ Qxf5 34. exf5 Kg8 35. g4 Kf7 36. Kg2 Kf6 37. Kg3 Kg5 38. f3 h5 39. a4 hxg4 40. fxg4 e4 41. b4 e3 42. c4 e2 43. Kf2 Kxg4 44. a5 bxa5 45. bxa5 Kxf5 46. Kxe2 Ke4 0-1

[Event "Benidorm op U2000 09th"]
[Site "Benidorm"]
[Date "2010.12.03"]
[Round "1"]
[White "Benito Alba, Eladio"]
[Black "Borja Perez, Jose"]
[Result "0-1"]
[WhiteElo "1761"]
[BlackElo "1974"]
[PlyCount "46"]
[EventDate "2010.12.03"]
[EventType "swiss"]
[EventRounds "10"]
[EventCountry "ESP"]
[SourceTitle "CBM 139 Extra"]
[Source "ChessBase"]
[SourceDate "2011.01.05"]
[SourceVersion "1"]
[SourceVersionDate "2011.01.05"]
[SourceQuality "1"]

1. d4 f5 2. Nf3 Nf6 3. c4 g6 4. g3 Bg7 5. Bg2 0-0 6. 0-0 d6 7. Nc3 Nbd7 8. Re1 c6 9. Qc2 e5 10. dxe5 dxe5 11. Rd1 Qe7 12. Bg5 h6 13. Bxf6 Nxf6 14. Rd2 Bd7 15. Rad1 Rad8 16. a3 e4 17. Ne1 e3 18. fxe3 Qxe3+ 19. Kh1 Ng4 20. Nd3 Be6 21. b3 Bxc3 22. Qxc3 Nf2+ 23. Nxf2 Qxc3 0-1

[Event "Benidorm op U2000 08th"]
[Site "Benidorm"]
[Date "2009.12.01"]
[Round "4"]
[White "Arroyo Rodriguez, Jesus"]
[Black "Borja Perez, Jose"]
[Result "0-1"]
[WhiteElo "1994"]
[BlackElo "1949"]
[PlyCount "76"]
[EventDate "2009.11.28"]
[EventType "swiss"]
[EventRounds "10"]
[EventCountry "ESP"]
[SourceTitle "CBM 133 Extra"]
[Source "ChessBase"]
[SourceDate "2010.01.05"]
[SourceVersion "1"]
[SourceVersionDate "2010.01.05"]
[SourceQuality "1"]

1. e4 d5 2. exd5 Qxd5 3. Nc3 Qa5 4. d4 Nf6 5. Bd2 c6 6. Nf3 Bg4 7. Bc4 e6 8. d5 Qc5 9. dxc6 Nxc6 10. Qe2 Be7 11. 0-0-0 0-0 12. Be3 Qa5 13. h3 Bxf3 14. gxf3 Ne5 15. Bb3 Rac8 16. Ne4 Rfd8 17. Bd4 Ned7 18. Rhg1 h6 19. Qe3 Kf8 20. Kb1 Qc7 21. f4 e5 22. fxe5 Nxe5 23. f4 Nc4 24. Qg3 Nxe4 25. Qxg7+ Ke8 26. Qg8+ Bf8 27. Ba4+ Ke7 28. Rge1 Qxf4 29. Qg2 f5 30. Qg6 Rd6 31. Qh7+ Kd8 32. Qf7 Be7 33. Qe8+ Kc7 34. Qxe7+ Kb8 35. b3 Ncd2+ 36. Kb2 Rxd4 37. Bd7 Qc7 38. Qg7 Rxd7 0-1